000 00980 a2200217 4500
999 _c10593
_d10593
020 _a9780128159873
050 0 0 _aQA931. SAD 2021
100 1 _aSadd, Martin H.
_eauthor.
245 1 0 _aElasticity :
_btheory, applications, and numerics /
_cMartin H. Sadd, Professor Emeritus, University of Rhode Island, Department of Mechanical Engineering and Applied Mechanics, Kingston, Rhode Island.
250 _a4th edition.
264 1 _aLondon :
_bAcademic Press, an imprint of Elsevier,
_c2021
300 _a1 volume (various pagings) :
_billustrations ;
336 _atext
_btxt
_2rdacontent
337 _aunmediated
_bn
_2rdamedia
338 _avolume
_bnc
_2rdacarrier
500 _aIncludes bibliographical references and index.
504 _aIncludes bibliographical references and index.
650 0 _aElasticity.
942 _2lcc
_cBK
_h931
_iSAD
_kQA